000 01706cam a22003131i 4500
003 SA-RiAUC
005 20250613152309.0
008 250613s1988 le g b 00000 ara c
040 _aSA-RiAUC
_bara
_cSA-RiAUC
_erda
050 4 _b.I26 1988
082 0 4 _a232
_qSA-RiAUC
090 _a232
_b ا ب ن ق
100 1 _aابن قيم الجوزية، محمد بن أبي بكر بن أيوب،
_d691-751 هجري
_eمؤلف.
245 1 2 _aالمنار المنيف في الصحيح والضعيف /
_cتأليف محمد بن أبي بكر بن قيم الجوزية ؛ حققه وضبطه أحمد عبد الشافي. ويليه المدخل في أصول الحديث / الحاكم النيسابوري.
264 1 _aبيروت :
_bدار الكتب العلمية،
_c1988
300 _a176 صفحة ؛
_c24 سم
336 _aنص
_btxt
_2rdacontent
_3كتاب
337 _aبدون وسيط
_bn
_2rdamedia
338 _aمجلد
_bnc
_2rdacarrier
504 _aيشتمل على إرجاعات ببليوجرافية.
650 7 _aالحديث
_xالإسناد الضعيف
_2aucsh
650 7 _aالحديث
_xالإسناد الصحيح
_2aucsh
650 7 _aالحديث
_xإسناد
_2aucsh
700 1 _aعبد الشافي، أحمد
_eمحقق.
700 1 2 _iمع :
_aالحاكم النيسابوري، محمد بن عبد الله بن حمدوية،
_d321-405 هجري
_tالمدخل في أصول الحديث
700 1 2 _iتحقيق لـ :
_aابن قيم الجوزية، محمد بن أبي بكر بن أيوب،
_d691-751 هجري.
_tالمنار المنيف في الصحيح والضعيف
942 _2ddc
_cBOOK
_n0
949 _aSA-JeALM
_d250613
_umohamedma123
_n1
999 _c8909
_d8909